[Event "TCh-CHN 2018"]
[Site "China CHN"]
[Date "2018.07.10"]
[Round "8.5"]
[Board "5"]
[White "Zhu, Jiner"]
[Black "Wang, Yu A."]
[Result "1/2-1/2"]
[WhiteTitle "WIM"]
[BlackTitle "IM"]
[WhiteElo "2379"]
[BlackElo "2303"]
[WhiteTeam "Zhejiang Chess Team"]
[BlackTeam "Beijing Beiao team"]
[WhiteFideId "8608059"]
[BlackFideId "8601097"]
[EventDate "2018.04.11"]

1. e4 e5 2. Nc3 Nf6 3. g3 d5 4. exd5 Nxd5 5. Bg2 Nxc3 6. bxc3 Bd6 7. Ne2 O-O 8.
O-O c6 9. d3 Bg4 10. h3 Be6 11. c4 Qd7 12. Kh2 Na6 13. Be3 Rae8 14. Qd2 f5 15.
f4 exf4 16. Nxf4 Bf7 17. h4 Nc5 18. Rae1 Ne6 19. Bh3 g6 20. Ne2 Rd8 21. d4 Ng7
22. d5 Bb8 23. Bg5 Rde8 24. Bg2 Nh5 25. Nf4 Nxf4 26. gxf4 Rxe1 27. Rxe1 Re8 28.
Rd1 cxd5 29. cxd5 Bd6 30. Bf3 Qc7 31. Qd4 Qxc2+ 32. Rd2 Qc1 33. Bh6 Bf8 34. Bxf8
Rxf8 35. h5 h6 36. Rg2 Kh7 37. d6 g5 38. fxg5 hxg5 39. Qf6 Qf4+ 40. Rg3 Qh4+ 41.
Kg2 Bxh5 42. Qxf8 Bxf3+ 43. Rxf3 Qg4+ 44. Kf2 Qd4+ 45. Ke2 Qe4+ 46. Re3 Qg2+ 47.
Ke1 Qh1+ 48. Kd2 Qd5+ 49. Rd3 Qg2+ 50. Kc3 Qc6+ 51. Kd4 Qe4+ 52. Kc3 Qc6+ 53.
Kb3 Qb5+ 54. Kc2 Qc6+ 55. Rc3 Qa4+ 56. Kd2 Qd4+ 57. Rd3 Qf2+ 58. Kc1 Qc5+ 59.
Kd1 Qg1+ 60. Ke2 Qg2+ 61. Ke3 Qe4+ 62. Kf2 Qxd3 63. Qe7+ Kg6 64. Qe6+ Kg7 65.
Qe7+ Kg6 66. Qe6+ Kg7 1/2-1/2

[Event "TCh-CHN 2018"]
[Site "China CHN"]
[Date "2018.07.10"]
[Round "8.6"]
[Board "1"]
[White "Wan, Yunguo"]
[Black "Wang, Yue"]
[Result "0-1"]
[WhiteTitle "GM"]
[BlackTitle "GM"]
[WhiteElo "2529"]
[BlackElo "2683"]
[WhiteTeam "Hebei sports lottery chess team"]
[BlackTeam "Tianjin Team"]
[WhiteFideId "8603189"]
[BlackFideId "8601429"]
[EventDate "2018.04.11"]

1. e4 c6 2. d4 d5 3. e5 Bf5 4. Nd2 e6 5. Nb3 Nd7 6. Nf3 Ne7 7. Be2 Nc8 8. O-O
Be7 9. a4 O-O 10. a5 a6 11. c4 dxc4 12. Bxc4 Na7 13. Nfd2 b5 14. axb6 Nxb6 15.
Rxa6 Nb5 16. Rxa8 Qxa8 17. Qe2 Nxc4 18. Qxc4 Rd8 19. Re1 h6 20. h3 Qa2 21. Qxc6
Nxd4 22. Qc7 Nxb3 23. Qxe7 Qa5 24. Nf3 Nd4 25. Nd2 Rc8 26. Qd7 Rxc1 27. Rxc1
Qxd2 28. Rc7 Qe1+ 29. Kh2 Qxe5+ 0-1

[Event "TCh-CHN 2018"]
[Site "China CHN"]
[Date "2018.07.10"]
[Round "8.6"]
[Board "2"]
[White "Zhang, Ziji"]
[Black "Li, Yankai"]
[Result "1/2-1/2"]
[WhiteElo "2393"]
[BlackElo "2427"]
[WhiteTeam "Hebei sports lottery chess team"]
[BlackTeam "Tianjin Team"]
[WhiteFideId "8609470"]
[BlackFideId "8609357"]
[EventDate "2018.04.11"]

1. d4 Nf6 2. c4 e6 3. Nc3 Bb4 4. Nf3 b6 5. Qb3 c5 6. a3 Bxc3+ 7. Qxc3 Bb7 8. e3
O-O 9. Be2 d6 10. O-O Nbd7 11. b4 Rc8 12. Bb2 Qe7 13. Rfd1 Ne4 14. Qb3 f5 15. a4
cxb4 16. Qxb4 a5 17. Qa3 Rf6 18. Nd2 Rh6 19. Nxe4 Bxe4 20. f3 Bb7 21. Rd2 Qg5
22. Rf1 Ba6 23. Rc1 Bb7 24. Rdc2 Rg6 25. g3 f4 26. exf4 Qxf4 27. Kf2 Qf5 28.
Qxd6 e5 29. Qa3 Be4 30. Rd2 Qh3 31. Kg1 Rxg3+ 32. hxg3 Qxg3+ 33. Kf1 Qh2 1/2-1/2

[Event "TCh-CHN 2018"]
[Site "China CHN"]
[Date "2018.07.10"]
[Round "8.6"]
[Board "3"]
[White "Peng, Hongchi"]
[Black "Malakhov, Vladimir"]
[Result "1/2-1/2"]
[BlackTitle "GM"]
[WhiteElo "2273"]
[BlackElo "2654"]
[WhiteTeam "Hebei sports lottery chess team"]
[BlackTeam "Tianjin Team"]
[WhiteFideId "8609047"]
[BlackFideId "4120787"]
[EventDate "2018.04.11"]

1. e4 g6 2. d4 Bg7 3. Nf3 d6 4. Nc3 Nf6 5. Be2 O-O 6. O-O a6 7. a4 Nc6 8. h3 e6
9. Be3 h6 10. Qd2 Kh7 11. Rfd1 b6 12. e5 dxe5 13. Nxe5 Ne7 14. Bf3 Nfd5 15. Nxd5
exd5 16. a5 Bb7 17. Bf4 Nf5 18. Bg4 Ne7 19. Qc3 h5 20. Be2 f6 21. Nf3 Nc6 22.
axb6 cxb6 23. Bxa6 Bxa6 24. Qxc6 Rc8 25. Qd6 Be2 26. Rd2 Bxf3 27. Qxd8 Rfxd8 28.
gxf3 Ra8 29. Rdd1 b5 30. Rxa8 Rxa8 31. Rd3 Bf8 32. Rb3 b4 33. Bd2 Ra4 34. Kg2
Kg8 35. c3 bxc3 36. Bxc3 Kf7 37. Rb6 Ra1 38. Bb4 Bxb4 39. Rxb4 Rd1 40. Kg3 g5
41. f4 Kg6 42. fxg5 fxg5 43. Kg2 Rd3 44. Rb8 Rxd4 45. b4 Rd3 46. b5 Rb3 47. b6
d4 48. b7 Kg7 49. h4 g4 50. Rd8 Rxb7 51. Rxd4 Rb3 1/2-1/2

[Event "TCh-CHN 2018"]
[Site "China CHN"]
[Date "2018.07.10"]
[Round "8.6"]
[Board "4"]
[White "Khotenashvili, Bela"]
[Black "Zhai, Mo"]
[Result "1-0"]
[WhiteTitle "GM"]
[BlackTitle "WGM"]
[WhiteElo "2477"]
[BlackElo "2352"]
[WhiteTeam "Tianjin Team"]
[BlackTeam "Hebei sports lottery chess team"]
[WhiteFideId "13602640"]
[BlackFideId "8600201"]
[EventDate "2018.04.11"]

1. c4 e6 2. g3 Nf6 3. Nf3 d5 4. d4 Be7 5. Bg2 O-O 6. O-O dxc4 7. Qa4 a6 8. Qxc4
b5 9. Qc2 Bb7 10. Bd2 Be4 11. Qc1 Nc6 12. Be3 Nb4 13. Nbd2 Bb7 14. Bg5 Rb8 15.
a3 Nc6 16. e3 a5 17. Bxf6 Bxf6 18. Ne4 Be7 19. Nc5 Ba8 20. Rd1 Qc8 21. Ne1 Rd8
22. Ned3 a4 23. Qc3 Bxc5 24. Nxc5 Ne7 25. e4 Rb6 26. Rac1 Rbd6 27. Rd3 Qb8 28.
h4 h6 29. h5 Rb6 30. Rd2 Rbd6 31. Rcd1 Qa7 32. Bf1 Rb8 33. Rc1 Qb6 34. Bg2 Rdd8
35. Qe3 Bc6 36. Bh3 Be8 37. Bg4 Nc6 38. Be2 e5 39. dxe5 Rxd2 40. Qxd2 Nxe5 41.
Qc3 Nc4 42. Qb4 Ne5 43. Nd3 Nc6 44. Qc5 Qb7 45. Bf3 Rd8 46. Nf4 Nd4 47. Bg2 Bc6
48. Kh2 Kh7 49. Nd5 Bxd5 50. Qxd4 c5 51. Rxc5 Qb6 52. exd5 1-0

[Event "TCh-CHN 2018"]
[Site "China CHN"]
[Date "2018.07.10"]
[Round "8.6"]
[Board "5"]
[White "Xiao, Yiyi"]
[Black "Yang, Yijing"]
[Result "1-0"]
[WhiteTitle "WFM"]
[BlackTitle "WCM"]
[WhiteElo "2295"]
[BlackElo "2035"]
[WhiteTeam "Tianjin Team"]
[BlackTeam "Hebei sports lottery chess team"]
[WhiteFideId "8606161"]
[BlackFideId "8608601"]
[EventDate "2018.04.11"]

1. Nf3 f5 2. b3 Nf6 3. Bb2 e6 4. c4 c6 5. g3 d5 6. Bg2 Bd6 7. O-O Qe7 8. d4 b6
9. Ne5 Bb7 10. Nd2 O-O 11. Ndf3 Nbd7 12. Nd3 dxc4 13. bxc4 c5 14. e3 Ne4 15. a4
Rac8 16. Rc1 g5 17. Re1 Ba8 18. Qe2 Qf7 19. dxc5 Ndxc5 20. Nxc5 Bxc5 21. Ne5 Qe8
22. Red1 Nf6 23. Bxa8 Rxa8 24. Qc2 Qe7 25. Nd3 Bd6 26. a5 h5 27. Qb3 Rab8 28. a6
Kh7 29. Ne5 Rbc8 30. Qd3 Rfd8 31. Qe2 g4 32. Nd3 h4 33. Be5 h3 34. Bxf6 Qxf6 35.
e4 Bf8 36. exf5 exf5 37. Nf4 Bh6 38. Qe3 Re8 39. Rd7+ Kh8 40. Nh5 Qg6 41. Qd4+
Kg8 42. Nf6+ Kf8 43. Qd6+ 1-0

[Event "TCh-CHN 2018"]
[Site "China CHN"]
[Date "2018.07.11"]
[Round "9.1"]
[Board "1"]
[White "Malakhov, Vladimir"]
[Black "Li, Shilong"]
[Result "1/2-1/2"]
[WhiteTitle "GM"]
[BlackTitle "GM"]
[WhiteElo "2654"]
[BlackElo "2498"]
[WhiteTeam "Tianjin Team"]
[BlackTeam "Guangdong Ding Xin High Tech Team"]
[WhiteFideId "4120787"]
[BlackFideId "8600678"]
[EventDate "2018.04.11"]

1. Nf3 Nf6 2. g3 g6 3. b3 Bg7 4. Bb2 O-O 5. Bg2 c5 6. O-O d5 7. c4 d4 8. b4 Nfd7
9. bxc5 Nxc5 10. d3 Bd7 11. Nbd2 Ba4 12. Nb3 Nc6 13. Nfd2 Rc8 14. Ba3 Nd7 15.
Rb1 b6 16. e4 dxe3 17. fxe3 Nce5 18. Qe2 Bc6 19. e4 b5 20. c5 b4 21. Bxb4 Bb5
22. Nc4 Nc6 23. Ba3 Nd4 24. Nxd4 Bxd4+ 25. Kh1 a6 26. Bh3 Bxc5 27. Bb2 e6 28.
Na3 Bc6 29. Nc2 Qe7 30. Nd4 Ba8 31. Bg2 e5 32. Nb3 Ba3 33. Ba1 Bc6 34. Qe3 Bb5
35. Rf2 Nc5 36. d4 Nxb3 37. Qxb3 exd4 38. Bxd4 Bc5 39. Bxc5 Rxc5 40. a4 Bc6 41.
Re1 Re5 42. Qc4 Bb7 43. h4 a5 44. Kh2 Rc8 45. Qb3 Ba6 46. Qb6 Bb7 47. Rb1 Rc7
48. Rb5 Rxb5 49. Qxb5 Rc5 50. Qb6 Bc6 51. Rd2 Kg7 52. Rf2 Bxa4 53. Ra2 Bc6 54.
Rxa5 Rc2 55. Qd4+ Kg8 56. Kg1 Rc1+ 57. Kh2 Rc2 58. Kg1 Rc1+ 59. Kh2 Rc2 1/2-1/2

[Event "TCh-CHN 2018"]
[Site "China CHN"]
[Date "2018.07.11"]
[Round "9.1"]
[Board "2"]
[White "Dai, Changren"]
[Black "Xu, Yinglun"]
[Result "1/2-1/2"]
[WhiteTitle "IM"]
[BlackTitle "GM"]
[WhiteElo "2464"]
[BlackElo "2531"]
[WhiteTeam "Tianjin Team"]
[BlackTeam "Guangdong Ding Xin High Tech Team"]
[WhiteFideId "8608156"]
[BlackFideId "8604940"]
[EventDate "2018.04.11"]

1. e4 e6 2. d4 d5 3. Nc3 Nf6 4. e5 Nfd7 5. f4 c5 6. Nf3 Nc6 7. Be3 a6 8. a3 b5
9. g3 Qb6 10. Bg2 cxd4 11. Nxd4 Nxd4 12. Bxd4 Bc5 13. Ne2 Bxd4 14. Qxd4 Bb7 15.
Qxb6 Nxb6 16. Nd4 Ke7 17. b3 Rac8 18. Kd2 Rc7 19. f5 Bc8 20. Bh3 exf5 21. Bxf5
Be6 22. Rhf1 Nd7 23. Rf2 Re8 24. Re1 h6 25. Bd3 Rb8 26. Rf4 Nc5 27. Ref1 Rh8 28.
Ke3 Rf8 29. Bg6 Nb7 30. Bf5 Nd8 31. R4f2 h5 32. Kd3 Rd7 33. a4 bxa4 34. bxa4 Rc7
35. Rb1 g6 36. Bxe6 1/2-1/2

[Event "TCh-CHN 2018"]
[Site "China CHN"]
[Date "2018.07.11"]
[Round "9.1"]
[Board "3"]
[White "Wang, Yue"]
[Black "Zhao, Chenxi"]
[Result "1-0"]
[WhiteTitle "GM"]
[WhiteElo "2683"]
[BlackElo "2328"]
[WhiteTeam "Tianjin Team"]
[BlackTeam "Guangdong Ding Xin High Tech Team"]
[WhiteFideId "8601429"]
[BlackFideId "8611513"]
[EventDate "2018.04.11"]

1. d4 Nf6 2. c4 e6 3. g3 d5 4. Bg2 Be7 5. Nf3 O-O 6. Qc2 dxc4 7. Qxc4 a6 8. Ne5
Nbd7 9. Bf4 Nb6 10. Qd3 Nbd5 11. O-O Nxf4 12. gxf4 Nd5 13. e3 f6 14. Nf3 b5 15.
Nc3 Bb7 16. Rfc1 Rc8 17. a4 Nb4 18. Qe2 bxa4 19. Nxa4 Be4 20. Nc5 Bxc5 21. Rxc5
Rb8 22. Qc4 Nd5 23. Bh3 Qe8 24. Ne1 Rxb2 25. Qc1 Qg6+ 26. Kf1 Rb6 27. f3 Bd3+
28. Kf2 Qh5 29. Kg3 Qg6+ 30. Kf2 Rfb8 31. Bxe6+ Rxe6 32. Rxd5 Reb6 33. Nxd3 Qxd3
34. f5 Rb2+ 35. Kg3 Qe2 36. Qg1 Qc4 37. Rc5 Qf7 38. Rac1 Qh5 39. h4 h6 40. Qf1
Kh7 41. Qh3 R8b3 42. R5c3 Rb1 43. Qg4 Rxc1 44. Rxc1 Qxg4+ 45. Kxg4 Rxe3 46. Rxc7
Rd3 47. Rc4 Rd1 48. Ra4 Kg8 49. h5 Kf7 50. Kf4 Rh1 51. Rxa6 Rh4+ 52. Ke3 Rxh5
53. Ra7+ Kf8 54. Ke4 Rh1 55. Kd5 h5 56. Kd6 h4 57. d5 h3 58. Ra8+ Kf7 59. Ra7+
Kf8 60. Ra2 Rf1 61. Ke6 Re1+ 62. Kd6 Re3 63. f4 Rf3 64. Kc6 Rxf4 65. d6 Rc4+ 66.
Kd5 Rc3 67. Re2 Rd3+ 68. Kc6 Kf7 69. d7 Rc3+ 70. Kb6 Rd3 71. Kc7 Rc3+ 72. Kd8
Rc1 73. Rh2 Rc3 74. Rd2 Rc1 75. Re2 Rc3 76. Re7+ Kf8 77. Re8+ Kf7 78. Rh8 g5 79.
fxg6+ Kxg6 80. Ke7 Re3+ 81. Kd6 Rd3+ 82. Kc6 Rc3+ 83. Kb5 Rd3 84. d8=Q Rxd8 85.
Rxd8 Kg5 86. Kc4 Kf4 87. Kd3 Kf3 88. Rh8 Kg2 89. Ke2 h2 90. Rg8+ Kh3 91. Kf2
h1=N+ 92. Kf3 Kh2 93. Rg2+ Kh3 94. Rg6 Kh2 95. Rxf6 Kg1 96. Rg6+ Kf1 97. Rg2 1-0

[Event "TCh-CHN 2018"]
[Site "China CHN"]
[Date "2018.07.11"]
[Round "9.1"]
[Board "4"]
[White "Li, Xueyi"]
[Black "Khotenashvili, Bela"]
[Result "0-1"]
[BlackTitle "GM"]
[WhiteElo "2187"]
[BlackElo "2477"]
[WhiteTeam "Guangdong Ding Xin High Tech Team"]
[BlackTeam "Tianjin Team"]
[WhiteFideId "8605912"]
[BlackFideId "13602640"]
[EventDate "2018.04.11"]

1. d4 Nf6 2. c4 c5 3. d5 g6 4. Nc3 Bg7 5. Nf3 d6 6. g3 O-O 7. Bg2 e6 8. O-O exd5
9. cxd5 a6 10. a4 Nbd7 11. Bf4 Qe7 12. Qc1 Re8 13. Bh6 Rb8 14. Bxg7 Kxg7 15. Re1
b5 16. e4 Ne5 17. Nxe5 Qxe5 18. Ne2 bxa4 19. f4 Qxb2 20. Qxb2 Rxb2 21. Nc3 Rb3
22. Nxa4 Bd7 23. e5 Ng4 24. Bh3 h5 25. Bxg4 hxg4 26. Rec1 Rb4 27. Nc3 dxe5 28.
fxe5 Rxe5 29. Rxa6 Rc4 30. Rd6 Bf5 31. Kf2 Re8 32. Rc6 Rb4 33. Nd1 Rd4 34. Ne3
Rd2+ 35. Ke1 Rd3 0-1

[Event "TCh-CHN 2018"]
[Site "China CHN"]
[Date "2018.07.11"]
[Round "9.1"]
[Board "5"]
[White "Gong, Qianyun"]
[Black "Xiao, Yiyi"]
[Result "1-0"]
[WhiteTitle "WGM"]
[BlackTitle "WFM"]
[WhiteElo "2312"]
[BlackElo "2295"]
[WhiteTeam "Guangdong Ding Xin High Tech Team"]
[BlackTeam "Tianjin Team"]
[WhiteFideId "8602425"]
[BlackFideId "8606161"]
[EventDate "2018.04.11"]

1. e4 e5 2. Nf3 Nc6 3. d4 exd4 4. Nxd4 Nf6 5. Nxc6 bxc6 6. e5 Qe7 7. Qe2 Nd5 8.
c4 Ba6 9. Nd2 g6 10. Nf3 Bg7 11. Bg5 f6 12. exf6 Qxe2+ 13. Bxe2 Nxf6 14. O-O-O
O-O-O 15. Rhe1 Rde8 16. Be3 Ne4 17. Bd3 c5 18. h4 d6 19. Ng5 Nf6 20. f3 Nd7 21.
b3 Bb7 22. Bc2 Bf6 23. Bf2 Ne5 24. Ne4 Bg7 25. Re2 Bc6 26. Rde1 a5 27. Bg3 a4
28. Kb1 axb3 29. axb3 Nf7 30. Ng5 Rxe2 31. Rxe2 Nxg5 32. hxg5 Kd7 33. Be4 Ra8
34. Bxc6+ Kxc6 35. Kc2 Ra2+ 36. Kd3 Ra3 37. Kc2 Kd7 38. Bf4 Ra2+ 39. Kd3 Ra3 40.
Kc2 Ra2+ 41. Kd3 Ra3 42. Kc2 c6 43. Bc1 Ra2+ 44. Kd3 Ra1 45. Kc2 d5 46. Bd2 Ra2+
47. Kd1 Rb2 48. Be3 Rb1+ 49. Kc2 Rb2+ 50. Kd1 Rxb3 51. cxd5 Rd3+ 52. Ke1 Rxd5
53. Ra2 Bd4 54. Bf4 Ke6 55. Ra6 Be5 56. Be3 Kd6 57. Ra7 c4 58. Rxh7 c3 59. Ke2
c2 60. Rh1 Bb2 61. f4 c5 62. g4 Kc6 63. Bc1 Bg7 64. Rf1 Kd7 65. f5 gxf5 66. gxf5
Bd4 67. f6 Ke6 68. f7 Bg7 69. f8=Q Bxf8 70. Rxf8 Rd4 71. Rf6+ Ke7 72. Rf3 Rd1
73. Rf1 Rd4 74. Be3 Rg4 75. Bxc5+ Ke6 76. Be3 Ke5 77. Kd3 Rg3 78. Rc1 1-0

[Event "TCh-CHN 2018"]
[Site "China CHN"]
[Date "2018.07.11"]
[Round "9.2"]
[Board "2"]
[White "Lu, Shanglei"]
[Black "Wan, Yunguo"]
[Result "1-0"]
[WhiteTitle "GM"]
[BlackTitle "GM"]
[WhiteElo "2636"]
[BlackElo "2529"]
[WhiteTeam "Zhejiang Chess Team"]
[BlackTeam "Hebei sports lottery chess team"]
[WhiteFideId "8603332"]
[BlackFideId "8603189"]
[EventDate "2018.04.11"]

1. e4 c5 2. Nc3 Nc6 3. Bb5 Nd4 4. Bc4 Nf6 5. Nge2 a6 6. a4 e6 7. Ba2 d5 8. d3
Nxe2 9. Qxe2 d4 10. Nb1 Qa5+ 11. Nd2 Qxa4 12. g4 h6 13. f4 Qc6 14. O-O Be7 15.
b4 cxb4 16. Nb3 Qc7 17. Bb2 e5 18. Kh1 Bxg4 19. Qg2 exf4 20. Nxd4 O-O-O 21. Bxf7
Bc5 22. Be6+ Kb8 23. Nb5 f3 24. Qxg4 axb5 25. Qxf3 Bd4 26. Bxd4 Rxd4 27. Ra2 Qe5
28. Qf5 Qxf5 29. Rxf5 Ne8 30. Rf7 Nc7 31. Bb3 g5 32. Kg2 Rhd8 33. Kf3 Na6 34.
Ra5 Nc5 35. Bd5 b3 36. Rxb5 R8xd5 37. exd5 Rxd5 38. c4 Rxd3+ 39. Ke2 b2 40.
Rfxb7+ 1-0

[Event "TCh-CHN 2018"]
[Site "China CHN"]
[Date "2018.07.11"]
[Round "9.2"]
[Board "4"]
[White "Guo, Weibao"]
[Black "Ding, Yixin"]
[Result "0-1"]
[BlackTitle "WGM"]
[WhiteElo "1838"]
[BlackElo "2429"]
[WhiteTeam "Hebei sports lottery chess team"]
[BlackTeam "Zhejiang Chess Team"]
[WhiteFideId "8608440"]
[BlackFideId "8602972"]
[EventDate "2018.04.11"]

1. d4 Nf6 2. c4 e6 3. Nf3 d5 4. e3 b6 5. Nc3 Bd6 6. Bd3 Bb7 7. cxd5 exd5 8. O-O
O-O 9. Nb5 a6 10. Nxd6 Qxd6 11. b3 Nbd7 12. Bb2 Ne4 13. Ne5 f6 14. Nxd7 Qxd7 15.
Bxe4 dxe4 16. Rc1 a5 17. Qc2 Rf7 18. Rfd1 Bd5 19. Bc3 f5 20. Qe2 g5 21. Qh5 Rg7
22. Qh3 Rf8 23. Bd2 Rf6 24. Kh1 Qe6 25. Rg1 Qd6 26. g3 Qe6 27. Qg2 Rh6 28. Rce1
Qd6 29. Rc1 Bf7 30. g4 f4 31. Rce1 Bd5 32. Rc1 Rh4 33. Be1 Rg6 34. exf4 Qxf4 35.
Rc3 Rxh2+ 36. Qxh2 e3+ 37. f3 Qxf3+ 0-1

[Event "TCh-CHN 2018"]
[Site "China CHN"]
[Date "2018.07.11"]
[Round "9.2"]
[Board "5"]
[White "Zhai, Mo"]
[Black "Zhu, Jiner"]
[Result "1-0"]
[WhiteTitle "WGM"]
[BlackTitle "WIM"]
[WhiteElo "2352"]
[BlackElo "2379"]
[WhiteTeam "Hebei sports lottery chess team"]
[BlackTeam "Zhejiang Chess Team"]
[WhiteFideId "8600201"]
[BlackFideId "8608059"]
[EventDate "2018.04.11"]

1. c4 Nf6 2. Nf3 e6 3. d4 d5 4. Nc3 Bb4 5. Qa4+ Nc6 6. e3 O-O 7. Bd2 Bd7 8. Qc2
Re8 9. a3 Bd6 10. h3 h6 11. Rc1 Qe7 12. c5 Bxc5 13. dxc5 Qxc5 14. Ne4 Qe7 15.
Nc5 Rab8 16. Nxd7 Nxd7 17. Bb5 e5 18. O-O e4 19. Bxc6 bxc6 20. Nd4 Rb6 21. Ba5
Ra6 22. Qe2 Nb8 23. b4 Rf8 24. Qg4 g6 25. Nb3 c5 26. Rxc5 Nc6 27. Qe2 Nxa5 28.
Nxa5 Rd6 29. Rfc1 Rc8 30. Nc6 Qd7 31. Nxa7 Ra8 32. Rxc7 1-0

[Event "TCh-CHN 2018"]
[Site "China CHN"]
[Date "2018.07.11"]
[Round "9.3"]
[Board "1"]
[White "Jakovenko, Dmitry"]
[Black "Wang, Yiye"]
[Result "1-0"]
[WhiteTitle "GM"]
[BlackTitle "IM"]
[WhiteElo "2735"]
[BlackElo "2437"]
[WhiteTeam "Hangzhou Bank Team"]
[BlackTeam "Beijing Beiao team"]
[WhiteFideId "4122356"]
[BlackFideId "8606021"]
[EventDate "2018.04.11"]

1. e4 e6 2. d4 d5 3. Nc3 Bb4 4. e5 c5 5. a3 Bxc3+ 6. bxc3 Ne7 7. a4 Qc7 8. Nf3
b6 9. Bb5+ Bd7 10. Be2 Nbc6 11. O-O O-O 12. h4 f6 13. exf6 Rxf6 14. dxc5 bxc5
15. c4 h6 16. Ra3 Raf8 17. cxd5 exd5 18. Bb2 Rf4 19. Rc3 Qa5 20. Rb3 Qc7 21. Ba3
Nd4 22. Rc3 Ne6 23. Re1 d4 24. Rb3 Kh8 25. Bc4 R8f6 26. Qb1 Nc6 27. Bc1 Rg4 28.
Bd2 Nf4 29. Bxf4 Qxf4 30. Bd5 Rfg6 31. Nh2 Rxh4 32. Nf1 Rh5 33. c4 Rf6 34. Rf3
Qd6 35. Rxf6 Qxf6 36. Qb7 Qd6 37. Qa8+ Qb8 38. Bxc6 Qxa8 39. Bxa8 Bxa4 40. Nd2 1-0

[Event "TCh-CHN 2018"]
[Site "China CHN"]
[Date "2018.07.11"]
[Round "9.3"]
[Board "2"]
[White "Ma, Qun"]
[Black "Yu, Yangyi"]
[Result "1/2-1/2"]
[WhiteTitle "GM"]
[BlackTitle "GM"]
[WhiteElo "2620"]
[BlackElo "2764"]
[WhiteTeam "Hangzhou Bank Team"]
[BlackTeam "Beijing Beiao team"]
[WhiteFideId "8603154"]
[BlackFideId "8603820"]
[EventDate "2018.04.11"]

1. d4 f5 2. Nc3 Nf6 3. Bg5 d5 4. Bxf6 exf6 5. e3 Be6 6. Bb5+ c6 7. Bd3 g6 8. Qf3
h5 9. h3 Rg8 10. Nge2 Bd6 11. Nf4 Qe7 12. Nxe6 Qxe6 13. Ne2 Nd7 14. Nf4 Qf7 15.
O-O-O O-O-O 16. Kb1 Ne5 17. dxe5 fxe5 18. Nxd5 cxd5 19. Bb5 e4 20. Qe2 Be5 21.
Ba4 Rd6 22. Bb3 Rgd8 23. Rd2 Qc7 24. c3 h4 25. Rhd1 Qc5 26. Qe1 Kb8 27. Qe2 a6
28. Qe1 Qb5 29. Qe2 Qxe2 30. Rxe2 Kc7 31. Kc2 Kc6 32. Kd2 Kc5 33. Ke1 b5 34.
Red2 a5 35. a3 g5 36. Ke2 a4 37. Ba2 g4 38. Rh1 Bf6 39. g3 Rh8 40. hxg4 fxg4 41.
gxh4 Rxh4 42. Rdd1 Rd8 43. Rxh4 Bxh4 44. Rh1 Rh8 45. Rh2 Bf6 46. Rxh8 Bxh8 47.
Bb1 Be5 1/2-1/2

[Event "TCh-CHN 2018"]
[Site "China CHN"]
[Date "2018.07.11"]
[Round "9.3"]
[Board "3"]
[White "Bai, Jinshi"]
[Black "Li, Chao b"]
[Result "1/2-1/2"]
[WhiteTitle "GM"]
[BlackTitle "GM"]
[WhiteElo "2568"]
[BlackElo "2703"]
[WhiteTeam "Hangzhou Bank Team"]
[BlackTeam "Beijing Beiao team"]
[WhiteFideId "8602280"]
[BlackFideId "8604436"]
[EventDate "2018.04.11"]

1. d4 Nf6 2. c4 g6 3. Nc3 d5 4. Bg5 c5 5. Bxf6 exf6 6. Nxd5 cxd4 7. Nf3 Nc6 8.
g3 Be6 9. Bg2 Bxd5 10. cxd5 Qxd5 11. O-O Bc5 12. e3 Qd6 13. exd4 Nxd4 14. Nxd4
Qxd4 15. Qxd4 Bxd4 16. Rfe1+ Kf8 17. Rad1 Rd8 18. Bxb7 Kg7 19. Rd2 Bb6 20. Red1
Rxd2 21. Rxd2 Rd8 22. Rxd8 Bxd8 23. g4 f5 24. gxf5 gxf5 25. Kg2 Bc7 26. h3 Kf6
27. Ba6 Ke5 28. Bd3 Kf4 29. Bc2 Bb6 30. Bd3 Bc7 31. Bc2 Bb6 32. Bd3 Ke5 1/2-1/2

[Event "TCh-CHN 2018"]
[Site "China CHN"]
[Date "2018.07.11"]
[Round "9.3"]
[Board "5"]
[White "Wang, Jue"]
[Black "Gu, Tianlu"]
[Result "1-0"]
[WhiteTitle "WGM"]
[BlackTitle "WIM"]
[WhiteElo "2367"]
[BlackElo "2231"]
[WhiteTeam "Beijing Beiao team"]
[BlackTeam "Hangzhou Bank Team"]
[WhiteFideId "8604070"]
[BlackFideId "8603995"]
[EventDate "2018.04.11"]

1. e4 e5 2. Nf3 Nc6 3. Bc4 Bc5 4. O-O Nf6 5. d3 O-O 6. h3 h6 7. c3 d6 8. Bb3 a6
9. Nbd2 Re8 10. Re1 Be6 11. Bc2 Bb6 12. Nf1 d5 13. exd5 Bxd5 14. Ng3 Qd7 15. Be3
Bxe3 16. Rxe3 Re7 17. Nh4 g6 18. c4 Be6 19. Ba4 Qd6 20. Bxc6 bxc6 21. Nf3 Nd7
22. Ne4 Qb4 23. Qe2 f5 24. a3 Qb6 25. c5 Qb7 26. Nc3 f4 27. Re4 Bf5 28. Rb4 Qa7
29. Ne4 Nxc5 30. Rc1 Bxe4 31. dxe4 a5 32. Rbc4 Nb3 33. Rd1 c5 34. Rd5 Rae8 35.
Qd1 Qb6 36. a4 Nd4 37. Rcxc5 c6 38. Rxd4 Qxc5 39. Rd6 Kg7 40. Nh4 Re6 41. Rd7+
R8e7 42. Rd8 Qb4 43. Qd3 Qe1+ 44. Kh2 Qxf2 45. Nf3 Qxb2 46. Rc8 Qb6 47. Ra8 Qc7
48. Qc3 Re8 49. Rxa5 Kf6 50. Rc5 Qd7 1-0

[Event "TCh-CHN 2018"]
[Site "China CHN"]
[Date "2018.07.11"]
[Round "9.4"]
[Board "1"]
[White "Liu, Guanchu"]
[Black "Cheparinov, Ivan"]
[Result "0-1"]
[WhiteTitle "IM"]
[BlackTitle "GM"]
[WhiteElo "2432"]
[BlackElo "2711"]
[WhiteTeam "Chengdu Beilei Youth Chess Club"]
[BlackTeam "Shenzhen Longgang Chess association"]
[WhiteFideId "8603901"]
[BlackFideId "2905540"]
[EventDate "2018.04.11"]

1. e4 c5 2. Nf3 d6 3. d4 cxd4 4. Nxd4 Nf6 5. Nc3 a6 6. Be3 e6 7. Qf3 Nbd7 8.
O-O-O h5 9. h4 Qc7 10. Qg3 e5 11. Nf3 b5 12. Ng5 Bb7 13. a3 Rc8 14. Bd3 Nc5 15.
Kb1 Be7 16. f4 Nxd3 17. cxd3 O-O 18. Rc1 Qd7 19. d4 exd4 20. Bxd4 Ng4 21. Rhe1
f6 22. Nh3 d5 23. Rcd1 b4 24. Nxd5 Bxd5 25. exd5 bxa3 26. Qf3 Bb4 27. Re6 axb2
28. Rb6 Qa4 29. Bxb2 Qc2+ 30. Ka1 Rc3 0-1